At work things can get personal (Record no. 68770)

MARC details
000 -LEADER
fixed length control field 01638cam a2200277 4500
001 - CONTROL NUMBER
control field ABS64640
008 - FIXED-LENGTH DATA ELEMENTS--GENERAL INFORMATION
fixed length control field 011102n2001 000 0 eng u
035 ## - SYSTEM CONTROL NUMBER
System control number (Sirsi) u115463
100 ## - MAIN ENTRY--PERSONAL NAME
Personal name Egan, C.
245 ## - TITLE STATEMENT
Title At work things can get personal
260 ## - PUBLICATION, DISTRIBUTION, ETC.
Date of publication, distribution, etc. 2001
490 ## - SERIES STATEMENT
Series statement Estates Gazette
Volume/sequential designation (0143) 27 October 2001, 172-173(2)
520 ## - SUMMARY, ETC.
Summary, etc. Looks at the scope of the Data Protection Act 1998 and examines the legal risks for the property industry; large property companies are affected because they employ lots of staff and sub contractors, associated businesses such as letting agents and quantity surveyors have to draw up a written agreement of compliance, and housebuilders and residential landlords are vulnerable because they hold personal information about buyers and tenants. The Data Protection Act imposes strict regulations on the storage of data, and supports the key principles of 'transparency' and 'justification'. Explains the liability of companies and outlines action points businesses should take to comply with the act which include an audit of personal data, the appointment of a Data Protection Compliance Officer, ensuring internal security measures are in place, and raising staff awareness. Provides key definitions of terms used in the act.
590 ## - LOCAL NOTE (RLIN)
Local note ABS
650 ## - SUBJECT ADDED ENTRY--TOPICAL TERM
Topical term or geographic name entry element DATA PROTECTION ACT 1998
650 ## - SUBJECT ADDED ENTRY--TOPICAL TERM
Topical term or geographic name entry element PROPERTY INDUSTRY
650 ## - SUBJECT ADDED ENTRY--TOPICAL TERM
Topical term or geographic name entry element CRIMINAL OFFENCE
650 ## - SUBJECT ADDED ENTRY--TOPICAL TERM
Topical term or geographic name entry element LIABILITY
650 ## - SUBJECT ADDED ENTRY--TOPICAL TERM
Topical term or geographic name entry element PERSONAL DATA
650 ## - SUBJECT ADDED ENTRY--TOPICAL TERM
Topical term or geographic name entry element PERSONAL INFORMATION
650 ## - SUBJECT ADDED ENTRY--TOPICAL TERM
Topical term or geographic name entry element SECURITY
650 ## - SUBJECT ADDED ENTRY--TOPICAL TERM
Topical term or geographic name entry element TRANSPARENCY
650 ## - SUBJECT ADDED ENTRY--TOPICAL TERM
Topical term or geographic name entry element JUSTIFICATION
690 ## - LOCAL SUBJECT ADDED ENTRY--TOPICAL TERM (OCLC, RLIN)
Topical term or geographic name as entry element MANAGEMENT-BUSINESS MANAGEMENT
942 ## - ADDED ENTRY ELEMENTS (KOHA)
Suppress in OPAC 0
Holdings
Withdrawn status Lost status Source of classification or shelving scheme Damaged status Not for loan Home library Current library Shelving location Date acquired Total Checkouts Full call number Barcode Date last seen Copy number Price effective from Koha item type
    Dewey Decimal Classification     London London Journal article 02/11/2001   ABS64640 115463-1001 06/08/2019 1 06/08/2019 Journal article